[Event "Fall ProAm"]
[Site "Guelph CAN"]
[Date "2011.11.05"]
[Round "3"]
[White "Gusev, Nikita"]
[Black "Plotkin, Mark"]
[Result "1-0"]
[WhiteElo "2272"]
[BlackElo "1912"]
[PlyCount "146"]
[EventDate "2011.11.05"]
[EventType "swiss"]
[EventRounds "5"]
[EventCountry "CAN"]

1. e4 e6 2. d4 d5 3. exd5 exd5 4. Nf3 Nf6 5. c4 Be7 6. Bd3 O-O 7. O-O dxc4 8.
Bxc4 Bg4 9. Be3 Nbd7 10. h3 Bh5 11. Nc3 Nb6 12. Bb3 Nbd5 13. Bc1 c6 14. a3 Qb6
15. Nxd5 cxd5 16. g4 Bg6 17. Ne5 Rad8 18. Bg5 Rfe8 19. Ba4 Rf8 20. Nd7 Qxb2 21.
Nxf8 Kxf8 22. Qd2 Bxa3 23. Qa5 Be7 24. Qxa7 Bd3 25. Rfc1 Ne4 26. Be3 Bh4 27.
Bc2 Bxc2 28. Ra2 Bxf2+ 29. Kg2 Qb3 30. Bxf2 Nxf2 31. Kxf2 Be4 32. Qa3+ Qxa3 33.
Rxa3 Rb8 34. Rc7 b5 35. Raa7 Bg6 36. h4 h5 37. gxh5 Bxh5 38. Rab7 Rd8 39. Rxb5
Bg4 40. Rbb7 Be6 41. Ke3 Kg8 42. Kf4 Kh7 43. Rb2 Kg6 44. Rg2+ Kf6 45. Rc3 Rh8
46. Kg3 g5 47. hxg5+ Kxg5 48. Rf3 Rh4 49. Kf2+ Rg4 50. Rxg4+ Kxg4 51. Ke3 Kg5
52. Rf1 Kg4 53. Rg1+ Kf5 54. Kd3 Kf4 55. Rf1+ Kg5 56. Kc3 Kg4 57. Kb4 f5 58.
Re1 Bf7 59. Re7 Bh5 60. Kc5 f4 61. Kxd5 Kg3 62. Ke4 Bf3+ 63. Kd3 Bd5 64. Re5
Bb7 65. Rg5+ Kf2 66. d5 f3 67. d6 Bc6 68. Kd2 Kf1 69. Rg7 f2 70. d7 Bxd7 71.
Rxd7 Kg2 72. Rg7+ Kf3 73. Rf7+ Kg2 1-0

[Event "Fall ProAm"]
[Site "Guelph CAN"]
[Date "2011.11.06"]
[Round "4"]
[White "Plotkin, Mark"]
[Black "Peng, Jackie"]
[Result "1-0"]
[WhiteElo "1912"]
[BlackElo "2121"]
[PlyCount "45"]
[EventDate "2011.11.05"]
[EventType "swiss"]
[EventRounds "5"]
[EventCountry "CAN"]

1. e4 c5 2. c3 Nf6 3. e5 Nd5 4. d4 cxd4 5. Nf3 Nc6 6. Bc4 Nb6 7. Bb3 e6 8. cxd4
d6 9. exd6 Bxd6 10. Nc3 O-O 11. O-O Bb4 12. Bc2 a6 13. a3 Be7 14. Bh6 Re8 15.
Ne4 Nd5 16. Re1 Nf6 17. Ne5 Nxd4 18. Ng5 Qb6 19. Ba4 Nc6 20. Ngxf7 Bc5 21. Qf3
Be7 22. Nxc6 Kxf7 23. Ne5+ 1-0

[Event "Fall ProAm"]
[Site "Guelph CAN"]
[Date "2011.11.06"]
[Round "5"]
[White "Plotkin, Mark"]
[Black "Song, Michael"]
[Result "1-0"]
[WhiteElo "1912"]
[BlackElo "2090"]
[PlyCount "86"]
[EventDate "2011.11.05"]
[EventType "swiss"]
[EventRounds "5"]
[EventCountry "CAN"]

1. e4 c5 2. c3 g6 3. d4 cxd4 4. cxd4 d5 5. exd5 Nf6 6. Nc3 Nxd5 7. Bc4 Nb6 8.
Bb3 Bg7 9. Nf3 O-O 10. O-O Bg4 11. h3 Bxf3 12. Qxf3 Nc6 13. d5 Nd4 14. Qe4 Nxb3
15. axb3 Re8 16. Rd1 Nc8 17. Nb5 Nd6 18. Nxd6 exd6 19. Qb4 Qd7 20. Be3 a6 21.
Bd4 Re4 22. Qb6 Bxd4 23. Rxd4 Rxd4 24. Qxd4 Re8 25. Rc1 Qb5 26. b4 h5 27. b3
Qe2 28. Rc7 Qe1+ 29. Kh2 Qe5+ 30. Qxe5 Rxe5 31. Rxb7 Rxd5 32. Rb6 Kf8 33. Rxa6
Ke7 34. Ra7+ Ke6 35. Rb7 Rd3 36. b5 Rxb3 37. Rb8 d5 38. g4 hxg4 39. hxg4 d4 40.
Kg2 Kd5 41. b6 Kc6 42. Rd8 d3 43. Kf3 Kxb6 1-0

[Event "CAN-op (Pinnacle 48th CAN Op Ch)"]
[Site "Toronto CAN"]
[Date "2011.07.09"]
[Round "1"]
[White "Plotkin, Mark"]
[Black "Day, Lawrence"]
[Result "0-1"]
[WhiteElo "1916"]
[BlackElo "2262"]
[PlyCount "112"]
[EventDate "2011.07.09"]
[EventType "swiss"]
[EventRounds "9"]
[EventCountry "CAN"]

1. e4 g6 2. d4 Bg7 3. c3 d6 4. f4 Nf6 5. Nd2 O-O 6. Ngf3 c5 7. Bd3 cxd4 8. cxd4
Nc6 9. h3 Nh5 10. Nb3 Ng3 11. Rg1 f5 12. Bc4+ Kh8 13. e5 Qb6 14. e6 d5 15. Bxd5
Nb4 16. Bc4 Bxe6 17. Bxe6 Qxe6+ 18. Ne5 Bxe5 19. fxe5 Qc4 20. Kf2 Ne4+ 21. Kf3
Qd5 22. Ke2 Rac8 23. Bh6 Rfd8 24. Rc1 g5 25. a3 Qb5+ 26. Kf3 Nc6 27. Ke3 Qd5
28. Qd3 Nxe5 29. Rxc8 Nxd3 30. Rxd8+ Qxd8 31. Kxd3 Qb6 32. Nd2 Nf2+ 33. Ke2
Nxh3 34. Bg7+ Kxg7 35. gxh3 Qxd4 36. Rxg5+ Kf6 37. Rg3 Qxb2 38. Rb3 Qe5+ 39.
Kd3 b5 40. Kc2 a5 41. Rc3 Qd5 42. Nb3 a4 43. Nd2 e5 44. Rd3 Qa2+ 45. Kd1 e4 46.
Rc3 Qb2 47. Re3 Ke5 48. Ke1 Kf4 49. Ke2 h5 50. h4 Kg4 51. Ke1 Kxh4 52. Nf1 f4
53. Re2 Qxa3 54. Rxe4 Qa1+ 55. Kf2 Kg4 56. Rb4 Qe5 0-1

[Event "CAN-op (Pinnacle 48th CAN Op Ch)"]
[Site "Toronto CAN"]
[Date "2011.07.10"]
[Round "2"]
[White "Caire, Francois"]
[Black "Plotkin, Mark"]
[Result "1-0"]
[WhiteElo "2104"]
[BlackElo "1916"]
[PlyCount "63"]
[EventDate "2011.07.09"]
[EventType "swiss"]
[EventRounds "9"]
[EventCountry "CAN"]

1. d4 Nf6 2. c4 g6 3. g3 Bg7 4. Bg2 d5 5. Nf3 O-O 6. O-O c6 7. b3 Nbd7 8. Bb2
Ne4 9. e3 b6 10. Qe1 Ndf6 11. Ne5 Bf5 12. Qe2 Qc7 13. Re1 Qb7 14. f3 Nd6 15.
Nc3 Nd7 16. Nxc6 Qxc6 17. cxd5 Qb7 18. g4 b5 19. gxf5 b4 20. Na4 Nxf5 21. Qf2
Bf6 22. e4 Bh4 23. Qd2 Ng7 24. Nc5 Nxc5 25. dxc5 Nh5 26. f4 g5 27. fxg5 h6 28.
Qd4 f6 29. gxf6 Rxf6 30. Qd1 Ng7 31. Bxf6 Bxf6 32. e5 1-0

[Event "CAN-op (Pinnacle 48th CAN Op Ch)"]
[Site "Toronto CAN"]
[Date "2011.07.11"]
[Round "3"]
[White "Plotkin, Mark"]
[Black "Austria, Federico"]
[Result "0-1"]
[WhiteElo "1916"]
[BlackElo "2105"]
[PlyCount "90"]
[EventDate "2011.07.09"]
[EventType "swiss"]
[EventRounds "9"]
[EventCountry "CAN"]

1. e4 d5 2. exd5 Nf6 3. c4 c6 4. Nc3 e6 5. dxe6 Bxe6 6. d4 Bb4 7. Nf3 O-O 8.
Be2 Nbd7 9. O-O Nb6 10. Ne5 Nfd7 11. Nxd7 Qxd7 12. c5 Bxc3 13. bxc3 Nd5 14. Bb2
Nf4 15. Bf3 Bc4 16. Re1 Nd3 17. Re2 Rfe8 18. Rd2 Re1+ 19. Qxe1 Nxe1 20. Rxe1
Re8 21. Re3 f5 22. Be2 Bxa2 23. c4 Rxe3 24. fxe3 Qe6 25. Kf2 Bxc4 26. Bd1 Qh6
27. h3 Qh4+ 28. Kf3 Bd5+ 29. Ke2 Qg3 30. Bc3 Bc4+ 31. Rd3 Qxg2+ 32. Ke1 Bxd3
33. Bb3+ Kf8 34. Kd1 Qe2+ 35. Kc1 Qxe3+ 36. Kb2 f4 37. d5 Qxc5 38. dxc6 bxc6
39. h4 f3 40. h5 f2 41. h6 gxh6 42. Bc2 Qb5+ 43. Ka3 Bxc2 44. Bb4+ c5 45. Ka2
Qc4+ 0-1

[Event "CAN-op (Pinnacle 48th CAN Op Ch)"]
[Site "Toronto CAN"]
[Date "2011.07.12"]
[Round "4"]
[White "Castle, Larry"]
[Black "Plotkin, Mark"]
[Result "1/2-1/2"]
[WhiteElo "1724"]
[BlackElo "1916"]
[PlyCount "79"]
[EventDate "2011.07.09"]
[EventType "swiss"]
[EventRounds "9"]
[EventCountry "CAN"]

1. d4 Nf6 2. f3 d5 3. e4 dxe4 4. Nc3 exf3 5. Nxf3 Bf5 6. Ne5 e6 7. g4 Bg6 8.
Qf3 c6 9. g5 Nd5 10. Bd3 Nd7 11. Nxg6 hxg6 12. O-O Qe7 13. Nxd5 cxd5 14. c4
dxc4 15. Bxc4 Rc8 16. Bb3 Nb6 17. Bf4 Qd7 18. Be5 Nc4 19. Bxc4 Rxc4 20. Rac1
Rxc1 21. Rxc1 Be7 22. Rc7 Qd5 23. Qxd5 exd5 24. Rc8+ Bd8 25. Bxg7 Rg8 26. Bf6
Kd7 27. Rxd8+ Rxd8 28. Bxd8 Kxd8 29. Kg2 Kd7 30. Kf3 a5 31. Kf4 Ke6 32. a4 Kd6
33. h3 b6 34. b3 Ke6 35. Kg4 Ke7 36. h4 Ke6 37. Kf4 Kd6 38. Kg4 Ke6 39. Kf4 Kd6
40. Kg4 1/2-1/2

[Event "CAN-op (Pinnacle 48th CAN Op Ch)"]
[Site "Toronto CAN"]
[Date "2011.07.13"]
[Round "5"]
[White "Plotkin, Mark"]
[Black "Sharpe, Michael"]
[Result "1-0"]
[WhiteElo "1916"]
[BlackElo "1662"]
[PlyCount "45"]
[EventDate "2011.07.09"]
[EventType "swiss"]
[EventRounds "9"]
[EventCountry "CAN"]

1. e4 c5 2. Nc3 d6 3. Bc4 e6 4. d3 Nf6 5. f4 g6 6. Nf3 Bg7 7. O-O a6 8. a4 Nc6
9. Qe1 Qc7 10. e5 Nd7 11. exd6 Qxd6 12. Ne4 Qe7 13. Qg3 Nf6 14. Nxf6+ Bxf6 15.
c3 Bd7 16. Ne5 O-O-O 17. a5 Nxe5 18. fxe5 Bh4 19. Qf3 Rdf8 20. Bh6 Re8 21. Bg7
Rhg8 22. Bxa6 Bc6 23. Qxc6+ 1-0

[Event "CAN-op (Pinnacle 48th CAN Op Ch)"]
[Site "Toronto CAN"]
[Date "2011.07.14"]
[Round "6"]
[White "Morabito, Matthew"]
[Black "Plotkin, Mark"]
[Result "0-1"]
[WhiteElo "2016"]
[BlackElo "1916"]
[PlyCount "72"]
[EventDate "2011.07.09"]
[EventType "swiss"]
[EventRounds "9"]
[EventCountry "CAN"]

1. Nf3 c5 2. g3 Nf6 3. Bg2 g6 4. O-O Bg7 5. d3 d5 6. c4 dxc4 7. dxc4 Qxd1 8.
Rxd1 Nc6 9. Nc3 Be6 10. Nd2 O-O-O 11. Bxc6 bxc6 12. Rb1 Bf5 13. e4 Nxe4 14.
Ncxe4 Bxe4 15. Ra1 Bc2 16. Re1 e6 17. Nb3 Bd4 18. Nxd4 cxd4 19. Bg5 Rd7 20. Bf6
Re8 21. Bg5 f6 22. Bd2 c5 23. Rac1 Ba4 24. f3 Bc6 25. Kf2 e5 26. Re2 f5 27.
Rce1 e4 28. fxe4 fxe4 29. Bf4 e3+ 30. Kg1 Bf3 31. Rd2 g5 32. Bxg5 Rg7 33. Bxe3
dxe3 34. Rd6 Rd7 35. Rf6 Rd1 36. Kf1 Bg2+ 0-1

[Event "CAN-op (Pinnacle 48th CAN Op Ch)"]
[Site "Toronto CAN"]
[Date "2011.07.15"]
[Round "7"]
[White "Plotkin, Mark"]
[Black "Wu, Kevin"]
[Result "1-0"]
[WhiteElo "1916"]
[BlackElo "2105"]
[PlyCount "71"]
[EventDate "2011.07.09"]
[EventType "swiss"]
[EventRounds "9"]
[EventCountry "CAN"]

1. e4 c5 2. Nc3 e6 3. g3 d5 4. d3 d4 5. Nce2 g6 6. e5 Qd5 7. f3 Nc6 8. Bf4 Nxe5
9. c4 Qd6 10. Bxe5 Qxe5 11. f4 Qc7 12. Bg2 Bg7 13. Nf3 Ne7 14. g4 Bd7 15. Qd2
h5 16. h3 hxg4 17. hxg4 Rxh1+ 18. Bxh1 e5 19. Nxe5 Bxe5 20. fxe5 Bxg4 21. Qf4
Qa5+ 22. Kf2 Bxe2 23. Kxe2 Qb6 24. b3 Rb8 25. Rf1 Qe6 26. Be4 Nc6 27. Kd2 Nxe5
28. Bd5 Qd6 29. Bxf7+ Nxf7 30. Qxf7+ Kd8 31. Rh1 Qe5 32. Re1 Qh2+ 33. Re2 Qh8
34. Qe7+ Kc8 35. Rf2 Qh6+ 36. Kc2 1-0

[Event "CAN-op (Pinnacle 48th CAN Op Ch)"]
[Site "Toronto CAN"]
[Date "2011.07.16"]
[Round "8"]
[White "Fiedler, Brian"]
[Black "Plotkin, Mark"]
[Result "1/2-1/2"]
[WhiteElo "2123"]
[BlackElo "1916"]
[PlyCount "81"]
[EventDate "2011.07.09"]
[EventType "swiss"]
[EventRounds "9"]
[EventCountry "CAN"]

1. Nf3 Nf6 2. c4 g6 3. Nc3 Bg7 4. e4 d6 5. d4 O-O 6. Be2 e5 7. O-O exd4 8. Nxd4
Re8 9. f3 Nbd7 10. Be3 Nc5 11. Qd2 Ne6 12. Nc2 b6 13. Rad1 Bb7 14. b4 a5 15. a3
Bf8 16. Nd5 axb4 17. axb4 c5 18. Ra1 Rxa1 19. Rxa1 Bg7 20. Rd1 Nxd5 21. cxd5
Nc7 22. Rb1 Ba6 23. bxc5 bxc5 24. Bxa6 Nxa6 25. Rb7 Qa8 26. Rb6 Rb8 27. Qa5
Rxb6 28. Qxb6 Bf8 29. Bf4 Nb4 30. Nxb4 Qa1+ 31. Kf2 Qb2+ 32. Kg3 Qxb4 33. Qd8
Qe1+ 34. Kh3 Kg7 35. Bxd6 Bxd6 36. Qxd6 g5 37. Qe5+ f6 38. Qe7+ Kg8 39. Qe8+
Kg7 40. Qe7+ Kg6 41. Qe8+ 1/2-1/2

[Event "CAN-op (Pinnacle 48th CAN Op Ch)"]
[Site "Toronto CAN"]
[Date "2011.07.17"]
[Round "9"]
[White "Plotkin, Mark"]
[Black "Southam, David"]
[Result "0-1"]
[WhiteElo "1916"]
[BlackElo "2124"]
[PlyCount "88"]
[EventDate "2011.07.09"]
[EventType "swiss"]
[EventRounds "9"]
[EventCountry "CAN"]

1. e4 e6 2. d4 d5 3. Nc3 Bb4 4. e5 c5 5. a3 Bxc3+ 6. bxc3 Qc7 7. Nf3 b6 8. Bb5+
Bd7 9. a4 Bxb5 10. axb5 a5 11. bxa6 Rxa6 12. Rxa6 Nxa6 13. Qe2 Nb8 14. Qb5+ Nd7
15. Qb2 Ne7 16. Bg5 Nc6 17. O-O O-O 18. Nd2 Rc8 19. f4 cxd4 20. cxd4 Na5 21.
Rc1 Qc3 22. Qxc3 Rxc3 23. Kf1 f6 24. Bh4 Kf7 25. Bf2 Ke7 26. Ke2 Kd8 27. Nb1
Rc6 28. Kd3 Nc4 29. c3 b5 30. Nd2 b4 31. Nxc4 dxc4+ 32. Kc2 b3+ 33. Kb2 Ra6 34.
Ra1 Rxa1 35. Kxa1 Nb6 36. Be1 f5 37. Kb2 Kd7 38. Bd2 Kc6 39. Bc1 Na4+ 40. Ka3
Nxc3 41. Bb2 Ne4 42. Bc1 Kb5 43. h3 h5 44. g4 fxg4 0-1

[Event "CYCC U14"]
[Site "Richmond Hill CAN"]
[Date "2011.07.08"]
[Round "5"]
[White "Plotkin, Mark"]
[Black "Robichaud, Nicolas"]
[Result "1-0"]
[WhiteElo "1916"]
[BlackElo "1411"]
[PlyCount "46"]
[EventDate "2011.07.06"]
[EventType "swiss"]
[EventRounds "7"]
[EventCountry "CAN"]

1. e4 c5 2. Nc3 Nc6 3. f4 g6 4. Bc4 e6 5. Nf3 Bg7 6. O-O Nge7 7. f5 d5 8. fxg6
fxg6 9. Bb3 O-O 10. d3 a6 11. a4 Nd4 12. Nxd4 cxd4 13. Rxf8+ Qxf8 14. Ne2 Kh8
15. Bg5 dxe4 16. dxe4 Nc6 17. Nf4 Qf7 18. Qg4 h6 19. Qh4 h5 20. g4 Ne5 21. Rf1
Qe8 22. gxh5 gxh5 23. Nxh5 Qg6 1-0

[Event "CAN-ch U20"]
[Site "Mississauga CAN"]
[Date "2011.04.21"]
[Round "1"]
[White "Qin, Zi Yi (Joey)"]
[Black "Plotkin, Mark"]
[Result "0-1"]
[WhiteElo "2370"]
[BlackElo "1895"]
[PlyCount "106"]
[EventDate "2011.04.22"]
[EventType "swiss"]
[EventRounds "9"]
[EventCountry "CAN"]

1. e4 e5 2. Nf3 Nf6 3. Nxe5 d6 4. Nf3 Nxe4 5. Nc3 Nxc3 6. dxc3 Be7 7. Bf4 Nc6
8. Qd2 O-O 9. O-O-O Be6 10. Bd3 a5 11. Kb1 Bf6 12. h4 Ne5 13. Ng5 h6 14. Nxe6
fxe6 15. Be2 Ng6 16. Bf3 Bxc3 17. Qxc3 Nxf4 18. Be4 c6 19. g3 Nd5 20. Qd2 Qb6
21. f4 Rfd8 22. Rhe1 a4 23. f5 a3 24. b3 Qc5 25. c4 exf5 26. Bxd5+ cxd5 27.
Qxd5+ Qxd5 28. Rxd5 Re8 29. Red1 Re3 30. R1d3 Re1+ 31. Rd1 Rxd1+ 32. Rxd1 Re8
33. Rxd6 Re1+ 34. Kc2 Ra1 35. Rd8+ Kh7 36. b4 Rxa2+ 37. Kb3 Rg2 38. Kxa3 Rxg3+
39. Ka4 Rg6 40. c5 f4 41. Rd1 f3 42. Rf1 Rf6 43. h5 g5 44. hxg6+ Kxg6 45. b5 h5
46. c6 bxc6 47. bxc6 Rxc6 48. Rxf3 h4 49. Kb3 Kg5 50. Rf8 h3 51. Rg8+ Rg6 52.
Rh8 Rh6 53. Rg8+ Kh4 0-1

[Event "CAN-ch U20"]
[Site "Mississauga CAN"]
[Date "2011.04.22"]
[Round "2"]
[White "Plotkin, Mark"]
[Black "Baizhiyenov, Damir"]
[Result "1-0"]
[WhiteElo "1898"]
[BlackElo "1491"]
[PlyCount "97"]
[EventDate "2011.04.22"]
[EventType "swiss"]
[EventRounds "9"]
[EventCountry "CAN"]

1. e4 e5 2. Nf3 Nf6 3. Nxe5 d6 4. Nf3 Nxe4 5. Bc4 Be7 6. O-O O-O 7. Re1 Nf6 8.
d4 Bg4 9. h3 Bh5 10. Bf4 Nbd7 11. c3 Nb6 12. Bb3 Re8 13. Nbd2 d5 14. g4 Bg6 15.
Ne5 Bd6 16. Nxg6 fxg6 17. Bxd6 Qxd6 18. Nf3 c6 19. Ne5 Nbd7 20. f4 Ne4 21. Bc2
Nef6 22. g5 Nh5 23. Qg4 Nxe5 24. Rxe5 Rxe5 25. fxe5 Qe7 26. Rf1 Re8 27. Kg2 Qe6
28. Qxe6+ Rxe6 29. Bd1 Re7 30. Bg4 c5 31. Bf3 Rd7 32. dxc5 Nf4+ 33. Kg3 Nd3 34.
e6 Re7 35. b4 Ne5 36. Bxd5 Nc6 37. Rf7 Rxf7 38. exf7+ Kf8 39. Bxc6 bxc6 40. c4
Kxf7 41. b5 cxb5 42. cxb5 Ke6 43. b6 axb6 44. cxb6 Kd6 45. a4 Kc6 46. a5 h6 47.
Kf4 Kd6 48. a6 Kc6 49. b7 1-0

[Event "CAN-ch U20"]
[Site "Mississauga CAN"]
[Date "2011.04.22"]
[Round "3"]
[White "Itkin, David"]
[Black "Plotkin, Mark"]
[Result "1-0"]
[WhiteElo "2173"]
[BlackElo "1898"]
[PlyCount "61"]
[EventDate "2011.04.22"]
[EventType "swiss"]
[EventRounds "9"]
[EventCountry "CAN"]

1. e4 e5 2. Nf3 Nf6 3. d4 Nxe4 4. Bd3 d5 5. Nxe5 Bd6 6. O-O O-O 7. f3 Nf6 8.
Bg5 c5 9. c3 Qb6 10. f4 cxd4 11. Bxf6 gxf6 12. Qh5 dxc3+ 13. Kh1 f5 14. Qg5+
Kh8 15. Qf6+ Kg8 16. Rf3 Qf2 17. Rxf2 Bxe5 18. fxe5 Re8 19. Nxc3 Be6 20. Bxf5
Nd7 21. Qg5+ Kf8 22. Bxe6 Rxe6 23. Rxf7+ Kxf7 24. Rf1+ Nf6 25. Rxf6+ Rxf6 26.
Qxf6+ Kg8 27. Nxd5 Re8 28. e6 b5 29. Qf7+ Kh8 30. Nf6 Rxe6 31. Qxh7# 1-0

[Event "CAN-ch U20"]
[Site "Mississauga CAN"]
[Date "2011.04.23"]
[Round "4"]
[White "Plotkin, Mark"]
[Black "Peng, Jackie"]
[Result "1/2-1/2"]
[WhiteElo "1898"]
[BlackElo "1952"]
[PlyCount "121"]
[EventDate "2011.04.22"]
[EventType "swiss"]
[EventRounds "9"]
[EventCountry "CAN"]

1. e4 c5 2. Nc3 Nc6 3. g3 g6 4. Bg2 Bg7 5. Nge2 d6 6. d3 Nf6 7. O-O O-O 8. f4
e6 9. h3 d5 10. g4 d4 11. Nb1 Ne8 12. a3 f5 13. Nd2 e5 14. exf5 gxf5 15. gxf5
Bxf5 16. Ng3 exf4 17. Rxf4 Nd6 18. Nxf5 Nxf5 19. Ne4 Ne3 20. Bxe3 dxe3 21.
Rxf8+ Qxf8 22. Ng5 Qf2+ 23. Kh1 e2 24. Bd5+ Kf8 25. Nxh7+ Ke7 26. Qe1 Bd4 27.
Ng5 Rf8 28. Bg2 Bxb2 29. Rb1 Nd4 30. Ne4 Qxe1+ 31. Rxe1 Rf4 32. Ng3 Bc3 33.
Nxe2 Bxe1 34. Nxf4 Nxc2 35. Bxb7 Nxa3 36. Kg2 Nb5 37. Kf1 Bd2 38. Ng2 a5 39.
Ke2 Bh6 40. Kd1 Kd6 41. Nh4 Ke5 42. Kc2 Be3 43. Ng2 Bh6 44. Nh4 Nd6 45. Bc6 Kd4
46. Bb5 Bf8 47. Bd7 Nf7 48. Ng6 Bd6 49. h4 Ne5 50. Nxe5 Bxe5 51. Be6 Ke3 52.
Bc4 a4 53. h5 a3 54. h6 Bd4 55. Kb3 Bb2 56. Ba6 Kf4 57. Bb7 Kg5 58. h7 Kh6 59.
h8=N Bxh8 60. Kxa3 Bd4 61. Kb3 1/2-1/2

[Event "CAN-ch U20"]
[Site "Mississauga CAN"]
[Date "2011.04.24"]
[Round "7"]
[White "Yang, Yimang"]
[Black "Plotkin, Mark"]
[Result "0-1"]
[WhiteElo "1654"]
[BlackElo "1898"]
[PlyCount "172"]
[EventDate "2011.04.22"]
[EventType "swiss"]
[EventRounds "9"]
[EventCountry "CAN"]

1. b4 d5 2. Bb2 Nf6 3. e3 Bf5 4. b5 e6 5. Nf3 Bd6 6. Be2 O-O 7. O-O c5 8. c4
Nbd7 9. d4 Ne4 10. cxd5 exd5 11. dxc5 Ndxc5 12. Nc3 Nxc3 13. Bxc3 Ne4 14. Bb2
Bc5 15. Nd4 Be6 16. Nb3 Bd6 17. Qd4 Qg5 18. Bf3 f5 19. Rac1 Rf6 20. Bxe4 fxe4
21. g3 Kh8 22. Qd2 Rh6 23. f4 exf3 24. Rxf3 Bg4 25. Rf2 Bh3 26. Rf3 Qh5 27. Rf2
Bxg3 28. hxg3 Bg2 29. Rxg2 Qh1+ 30. Kf2 Rf8+ 31. Ke2 Qxg2+ 32. Kd1 Rf1+ 33. Kc2
Qe4+ 34. Qd3 Qxd3+ 35. Kxd3 Rxc1 36. Nxc1 Rg6 37. Ne2 a6 38. bxa6 Rxa6 39. a3
Ra4 40. Nf4 Kg8 41. Nxd5 Rg4 42. Be5 Ra4 43. Bd6 Kf7 44. Bb4 Ra6 45. Ke2 g5 46.
Kf3 h5 47. Nc3 g4+ 48. Kg2 Ke6 49. Ne2 Ke5 50. Nf4 Rh6 51. Bc3+ Ke4 52. Bd4 Rc6
53. Kf2 Rc2+ 54. Ke1 Rh2 55. Bb6 Kf3 56. Nd5 Ra2 57. Bc7 Rxa3 58. Bf4 h4 59.
gxh4 g3 60. Bxg3 Kxg3 61. h5 Ra5 62. Nf4 Kf3 63. Kd2 Ra2+ 64. Kd3 Ra3+ 65. Kc4
Rxe3 66. Nd5 Re5 67. h6 Rh5 68. h7 Rxh7 69. Kc5 Rh6 70. Kb5 Ke4 71. Nc3+ Ke5
72. Na4 Rc6 73. Nc5 Kd5 74. Nxb7 Rc1 75. Na5 Rb1+ 76. Ka4 Rb8 77. Nb3 Kc4 78.
Nd2+ Kc3 79. Ne4+ Kd4 80. Nd2 Kc3 81. Ne4+ Kc4 82. Nd2+ Kd3 83. Nf3 Kc3 84. Ne5
Rb1 85. Nf3 Rf1 86. Ne5 Rf4+ 0-1

[Event "CAN-ch U20"]
[Site "Mississauga CAN"]
[Date "2011.04.25"]
[Round "8"]
[White "Plotkin, Mark"]
[Black "Qian, Owen"]
[Result "1-0"]
[WhiteElo "1898"]
[BlackElo "1488"]
[PlyCount "71"]
[EventDate "2011.04.22"]
[EventType "swiss"]
[EventRounds "9"]
[EventCountry "CAN"]

1. e4 e6 2. d4 d5 3. Nc3 Bb4 4. e5 c5 5. a3 Bxc3+ 6. bxc3 Ne7 7. Nf3 Nbc6 8.
Be2 Qa5 9. Bd2 Bd7 10. c4 Qc7 11. cxd5 Nxd5 12. c3 O-O-O 13. Rb1 f6 14. c4 Nde7
15. exf6 gxf6 16. dxc5 Rhg8 17. O-O Nf5 18. Bc3 e5 19. Qc2 Rg7 20. Bd3 Nce7 21.
Be4 Rdg8 22. Rxb7 Qxc5 23. Bb4 Nd4 24. Nxd4 Qxd4 25. Rd1 Rxg2+ 26. Kh1 Rxf2 27.
Qxf2 Qxf2 28. Rbxd7 Nf5 29. Ba5 Nd4 30. Rc7+ Kd8 31. Rg7+ Ke8 32. Rxg8+ Kd7 33.
Rg7+ Ke6 34. Bd5+ Kf5 35. Rg2 Qf4 36. Bd2 1-0

[Event "Hamilton Winter op"]
[Site "Hamilton CAN"]
[Date "2011.03.27"]
[Round "5"]
[White "Peng, Jackie"]
[Black "Plotkin, Mark"]
[Result "1-0"]
[WhiteElo "1951"]
[BlackElo "1929"]
[PlyCount "78"]
[EventDate "2011.03.26"]
[EventType "swiss"]
[EventRounds "6"]
[EventCountry "CAN"]

1. e4 c5 2. Nf3 d6 3. d4 cxd4 4. Nxd4 Nf6 5. Nc3 g6 6. Be3 Bg7 7. f3 O-O 8. Qd2
Nc6 9. Bc4 Bd7 10. O-O-O Rc8 11. Bb3 Nxd4 12. Bxd4 b5 13. Nd5 Nxd5 14. Bxg7
Kxg7 15. exd5 a5 16. a3 Rc5 17. h4 h5 18. g4 b4 19. axb4 axb4 20. Qd4+ f6 21.
gxh5 Bf5 22. Bc4 b3 23. cxb3 Qb6 24. Kd2 e6 25. dxe6 d5 26. hxg6 Re8 27. h5
Qb4+ 28. Ke3 Rxe6+ 29. Kf2 Re5 30. h6+ Kh8 31. g7+ Kh7 32. g8=Q+ Kxg8 33. Bxd5+
Rexd5 34. Qxb4 Rc2+ 35. Kg3 Rdd2 36. Rxd2 Rxd2 37. h7+ Kf7 38. h8=Q Rd5 39.
Qb7+ Ke6 1-0

[Event "Toronto Closed reserves"]
[Site "Toronto CAN"]
[Date "2011.01.23"]
[Round "1"]
[White "Ivanov, Mike"]
[Black "Plotkin, Mark"]
[Result "1-0"]
[WhiteElo "2095"]
[BlackElo "1909"]
[PlyCount "51"]
[EventDate "2011.01.07"]
[EventType "tourn"]
[EventRounds "4"]
[EventCountry "CAN"]

1. Nf3 Nf6 2. b3 g6 3. Bb2 Bg7 4. c4 d6 5. g3 e5 6. Bg2 c6 7. O-O Nh5 8. d4 e4
9. Ne1 d5 10. f3 f5 11. cxd5 cxd5 12. Ba3 Nc6 13. e3 Qg5 14. Nc2 b6 15. Nc3 Ba6
16. Nxd5 Bxf1 17. Qxf1 O-O-O 18. Qa6+ Kb8 19. Nxb6 Nxd4 20. Nc4 Nxc2 21. Bd6+
Rxd6 22. Qxd6+ Ka8 23. fxe4 Nxe3 24. Na5 Bxa1 25. Qc6+ Kb8 26. Qb7# 1-0

[Event "Toronto Closed reserves"]
[Site "Toronto CAN"]
[Date "2011.02.13"]
[Round "3"]
[White "Plotkin, Mark"]
[Black "Chernik, Dmitry"]
[Result "1-0"]
[WhiteElo "1929"]
[BlackElo "1888"]
[PlyCount "33"]
[EventDate "2011.01.07"]
[EventType "tourn"]
[EventRounds "4"]
[EventCountry "CAN"]

1. e4 c5 2. Nc3 Nc6 3. f4 d6 4. Nf3 g6 5. Bc4 Bg7 6. O-O Bg4 7. Bxf7+ Kf8 8.
Bb3 Nd4 9. Kh1 Bxf3 10. gxf3 Qc8 11. d3 Nf6 12. Be3 Qh3 13. Bxd4 cxd4 14. Nb5
Nh5 15. Nc7 Nxf4 16. Qd2 Rc8 17. Qxf4+ 1-0

[Event "Toronto Closed reserves"]
[Site "Toronto CAN"]
[Date "2011.02.27"]
[Round "4"]
[White "Zeromskis, Egidijus"]
[Black "Plotkin, Mark"]
[Result "1-0"]
[WhiteElo "2213"]
[BlackElo "1909"]
[PlyCount "117"]
[EventDate "2011.01.07"]
[EventType "tourn"]
[EventRounds "4"]
[EventCountry "CAN"]

1. c4 Nf6 2. Nc3 g6 3. g3 Bg7 4. Bg2 e5 5. e3 O-O 6. Nge2 d6 7. O-O Nc6 8. d3
Ne8 9. Rb1 f5 10. f4 Ne7 11. Qc2 c6 12. b4 b6 13. b5 Bb7 14. bxc6 Bxc6 15. Bxc6
Nxc6 16. Nd5 Nc7 17. Nec3 Ne7 18. Qg2 Qd7 19. Ba3 Rfd8 20. Nxc7 Qxc7 21. Nb5
Qb8 22. Bxd6 Rxd6 23. Nxd6 exf4 24. gxf4 Qf8 25. Nb5 Rd8 26. d4 Nc8 27. Rb3 a6
28. Nc7 Qf7 29. Qc6 Kh8 30. Ne6 Re8 31. Nxg7 Kxg7 32. Rfb1 Kh6 33. c5 bxc5 34.
dxc5 Qe7 35. Rd1 Na7 36. Qd5 Qh4 37. Qf3 Rc8 38. Rc1 Qe7 39. Rb7 Rc7 40. Rxc7
Qxc7 41. c6 Nc8 42. Qh3+ Kg7 43. Qf1 Qb6 44. Qd3 Kh6 45. c7 Qa5 46. a3 Qb6 47.
Kf2 a5 48. Kg3 Qb2 49. Rb1 Qa2 50. Rh1 a4 51. h4 Qe6 52. Rh2 Nd6 53. Rc2 Nc8
54. Rc4 Qa6 55. Rd4 Qb7 56. Rd7 Qh1 57. Qd1 Qe4 58. Qd4 Qh1 59. Qg7+ 1-0

[Event "Toronto Closed reserves"]
[Site "Toronto CAN"]
[Date "2011.03.08"]
[Round "5"]
[White "Plotkin, Mark"]
[Black "Strugach, Alexander"]
[Result "0-1"]
[WhiteElo "1909"]
[BlackElo "1982"]
[PlyCount "106"]
[EventDate "2011.01.07"]
[EventType "tourn"]
[EventRounds "4"]
[EventCountry "CAN"]

1. e4 e5 2. Nf3 Nf6 3. Nxe5 d6 4. Nf3 Nxe4 5. Qe2 Qe7 6. d3 Nf6 7. Bg5 Qxe2+ 8.
Bxe2 Be7 9. Nc3 c6 10. O-O-O h6 11. Bh4 Bg4 12. Rhe1 O-O 13. Nd4 Bd7 14. Bf3
Re8 15. Re2 Na6 16. Rde1 Kf8 17. Bg3 d5 18. Rxe7 Rxe7 19. Bd6 Ng8 20. h3 Ke8
21. Bxe7 Nxe7 22. Bxd5 cxd5 23. Nxd5 Kf8 24. Rxe7 Bc6 25. Nxc6 bxc6 26. Nc7
Kxe7 27. Nxa8 Kd7 28. a3 Kc8 29. Kd2 Kb7 30. Ke3 Kxa8 31. f4 Kb7 32. h4 Kc7 33.
g4 Kd6 34. f5 h5 35. Kf4 hxg4 36. Kxg4 Ke5 37. Kg5 Nc5 38. b4 Nb7 39. h5 Nd6
40. f6 gxf6+ 41. Kg4 f5+ 42. Kf3 Nb5 43. c4 Nxa3 44. d4+ Kf6 45. c5 Kg5 46. Kg3
Nb5 47. d5 cxd5 48. h6 Kxh6 49. Kf4 d4 50. Kf3 Kg5 51. Ke2 Kf4 52. Kd3 Ke5 53.
Kc4 a6 0-1